书目信息 |
| 题名: |
家用组合音响
|
|
| 作者: | 梁华 编 | |
| 分册: | ||
| 出版信息: | 北京 人民邮电出版社 1993.10 |
|
| 页数: | 406页 | |
| 开本: | 32开 | |
| 丛书名: | ||
| 单 册: | ||
| 中图分类: | TN912.271 | |
| 科图分类: | ||
| 主题词: | 电声技术 , 语音数据处理 | |
| 电子资源: | ||
| ISBN: | 7-115-05005-8 | |
| 000 | 00562nam0 2200205 45 | |
| 001 | 0003091742 | |
| 005 | 20000309171147.0 | |
| 010 | @a7-115-05005-8@d11.50元 | |
| 100 | @a20000309d1993 km y0chiy0120 ea | |
| 101 | @achi | |
| 105 | @a z 000yy | |
| 200 | 1 | @a家用组合音响@AJia Yong Zu He Yin Xiang@f梁华编@FLiang Hua Bian |
| 210 | @a北京@c人民邮电出版社@d1993.10 | |
| 215 | @a406页@d32开 | |
| 606 | 0 | @a电声技术 |
| 606 | 0 | @a语音数据处理 |
| 690 | @aTN912.271@v3 | |
| 701 | @a梁华@4编 | |
| 801 | @aCN@bPftUser@c20000309 | |
| 905 | @f1@b50478@dTN912.271@eL.606 | |
| 家用组合音响/梁华编.-北京:人民邮电出版社,1993.10 |
| 406页;32开 |
| ISBN 7-115-05005-8:11.50元 |
| ● |
| 相关链接 |
|
|
|
正题名:家用组合音响
索取号:TN912.271/L.606
 
预约/预借
| 序号 | 登录号 | 条形码 | 馆藏地/架位号 | 状态 | 备注 |
| 1 | 50478 | 200504784 | 自科库301/301自科库 36排4列3层/ [索取号:TN912.271/L.606] | 在馆 |